Films des années 90 - Mort subite - Statistiques

Statistiques générales
  • Ce quiz a été pris 909 fois
  • Le résultat moyen est 5 sur 19
Answers on the Grid
Answers color-coded by a green-red scale on the quiz's grid according to % correct below.
Jurassic Park
Titanic
Léon
Le dîner de Cons
La Vie est belle
Un jour sans fin
Le Silence des agneaux
Reservoir Dogs
Heat
The Truman Show
Forrest Gump
Casino
Les Évadés
La Cité de la Peur
Les Visiteurs
La Haine
Un Indien dans la ville
Didier
Les Affranchis
Blade Runner
Le Seigneur des anneaux : La Communauté de l'anneau
Gangs of New York
Le Pianiste
Mystic River
Rain Man
Le Cercle des poètes disparus
Astérix et Obélix : Mission Cléopâtre
Piège de Cristal
Le Fabuleux Destin d'Amélie Poulain
Arrête-moi si tu peux
Harry Potter à l'école des sorciers
Gladiator
American Psycho
Old Boy
Les Incorruptibles
 
Statistiques - réponses
Réponse % Correct
Titanic
44%
Forrest Gump
43%
Jurassic Park
36%
Léon
36%
La Haine
29%
Les Visiteurs
29%
The Truman Show
29%
La Cité de la Peur
28%
Le Silence des agneaux
28%
Le dîner de Cons
27%
Les Évadés
24%
Un Indien dans la ville
23%
Heat
22%
La Vie est belle
22%
Reservoir Dogs
22%
Casino
21%
Didier
21%
Les Affranchis
20%
Un jour sans fin
14%
Aucun quiz correspondant
Distribution des résultats
% des personnes avec chaque résultat
Percentile par nombre de réponses
Votre historique - résultats
Vous n’avez pas pris ce quiz